00799nam a2200157Ia 4500008004100000020001500041050002500056100002500081245004300106250001800149260010800167300002700275490002200302505028600324650003100610120625s2001 mx 000 0 spa d a987919147114aHF5549.5T7bP33 20011 aPain, Abrahameautor10aCapacitación laboralc/ Abraham Pain a2a. edición3 aMéxicob: Novedades Educativasb: Universidad de Buenos Aires, Facultad de Filosofia y Letrasc, 2001 a122 páginasc; 21 cm aLOS DOCUMENTOSv4 aCapacitación laboral como objeto de análisis Dos miradas sobre la capacitación Desde la educación y la organización La situación de la capacitación en la empresa La ingeniería de la capacitación El profesional de la capacitación La actividad de capacitación10aCAPACITACIÓN xEMPLEADOS